Football : les 10 meilleurs buteurs de l'année 2024 - Statistiques

Statistiques générales
  • Ce quiz a été pris 340 fois
  • Le résultat moyen est 8 sur 10
Statistiques - réponses
Nombre de buts Nombre de matchs Club Sélection Joueur % Correct
43 51 Al Nassr Portugal Cristiano Ronaldo
99%
49 59 Manchester City Norvège Erling Haaland
99%
46 57 Bayern Munich Angleterre Harry Kane
98%
39 61 PSG/ Real Madrid France Kylian Mbappé
98%
42 62 FC Barcelone Pologne Robert Lewandowski
96%
34 58 Real Madrid Brésil Vinicius Jr
95%
41 64 LOSC Canada Jonathan David
89%
62 63 Sporting Portugal Suède Viktor Gyokeres
88%
38 52 Olympiakos Maroc Ayoub El Kaabi
15%
42 46 Shanghai Port Chine Wu Lei
7%
Aucun quiz correspondant
Distribution des résultats
% des personnes avec chaque résultat
Percentile par nombre de réponses
Votre historique - résultats
Vous n’avez pas pris ce quiz